000 00826nam a2200205Ia 4500
999 _c37825
_d37825
001 3802
003 GE_BSU
005 20190814161132.0
008 181216s1979||||ge |||||||||||||| ||geo||
040 _cGE_BSU
041 _ageo
080 _a616.89+159.924+821.353.1.092 ზ–97
100 _aზურაბაშვილი, ავლიპი
_93600
245 _aპერსონოლოგიური ძიებანი /
_cრედ.ბ. ნანეიშვილი
264 _aთბ. :
_bმეცნიერება,
_c1979.
300 _a236 გვ.;
_b22 სმ.
653 _a ქართველ მწერალთა ფსიქოლოგიური პორტრეტი
700 _aნანეიშვილი, ბ.
_eრედაქტორი
_93601
942 _cBK
_2udc